LEADER 02640nam 2200661Ia 450 001 9910782134703321 005 20230617010822.0 010 $a1-281-86583-4 010 $a9786611865832 010 $a1-84816-120-4 035 $a(CKB)1000000000537723 035 $a(StDuBDS)AH24682540 035 $a(SSID)ssj0000145458 035 $a(PQKBManifestationID)11147609 035 $a(PQKBTitleCode)TC0000145458 035 $a(PQKBWorkID)10182044 035 $a(PQKB)11675159 035 $a(MiAaPQ)EBC1681430 035 $a(WSP)0000P318 035 $a(Au-PeEL)EBL1681430 035 $a(CaPaEBR)ebr10255930 035 $a(CaONFJC)MIL186583 035 $a(OCoLC)879025346 035 $a(EXLCZ)991000000000537723 100 $a20040519d2004 uy 0 101 0 $aeng 135 $aur||||||||||| 181 $ctxt 182 $cc 183 $acr 200 10$aElimination practice$b[electronic resource] $esoftware tools and applications /$fDongming Wang 210 $aLondon $cImperial College Press ;$aSingapore ;$aRiver Edge, NJ $cDistributed by World Scientific$dc2004 215 $a1 online resource (viii, 222 p. ) $cill. (some col.) 300 $aOne CD-ROM in loose pocket inside item. 300 $aFormerly CIP.$5Uk 311 $a1-86094-438-8 320 $aIncludes bibliographical references (p. [207]-213) and index. 327 $aPolynomial Elimination at Work; The Epsilon Library; The CharSets Package; The TriSys and SiSys Modules; The GEOTHER Environment; Relevant Elimination Tools; Solving Polynomial Systems; Automated Theorem Proving and Discovering in Geometry; Symbolic Geometric Computation; Selected Problems in Computer Mathematics 330 $aPolynomial Elimination at Work; The Epsilon Library; The CharSets Package; The TriSys and SiSys Modules; The GEOTHER Environment; Relevant Elimination Tools; Solving Polynomial Systems; Automated Theorem Proving and Discovering in Geometry; Symbolic Geometric Computation; Selected Problems in Computer Mathematics 606 $aElimination 606 $aPolynomials 606 $aAlgebra$xData processing 606 $aComputer algorithms 606 $aDifferential equations, Nonlinear 615 0$aElimination. 615 0$aPolynomials. 615 0$aAlgebra$xData processing. 615 0$aComputer algorithms. 615 0$aDifferential equations, Nonlinear. 676 $a512.9420285 700 $aWang$b Dongming$0738655 801 0$bMiAaPQ 801 1$bMiAaPQ 801 2$bMiAaPQ 906 $aBOOK 912 $a9910782134703321 996 $aElimination practice$93672076 997 $aUNINA LEADER 00933nam0-22003251i-450 001 990001719460403321 005 20240226160153.0 010 $a0-8493-5797-7 035 $a000171946 035 $aFED01000171946 035 $a(Aleph)000171946FED01 100 $a20030910d1981----km-y0itay50------ba 101 0 $aeng 105 $ay 001yy 200 1 $aCloning agricultural plants via in vitro techniques$fedited by B.V. Conger 210 $aBoca Raton$cCRC Press$d1981 215 $a273 p.$d26 cm 610 0 $aFitotecnica 610 0 $aClone 676 $a631.53$v20$zita 702 1$aConger,$bBob Vernon 801 0$aIT$bUNINA$gRICA$2UNIMARC 901 $aBK 912 $a990001719460403321 952 $a60 631.53 CONB 1981$b1390$fFAGBC 952 $a631.53 CONB 1981$b3124/2024$fNAP11 959 $aFAGBC 959 $aNAP11 996 $aCloning agricultural plants via in vitro techniques$977527 997 $aUNINA